Métodos de investigación
| Main Author: | |
|---|---|
| Format: | Section = Libro |
| Language: | Undetermined Spanish |
| Published: |
México
Prentice Hall
1998
|
| Subjects: |
| LEADER | 00644nam a2200229Ia 4500 | ||
|---|---|---|---|
| 008 | 240830s9999 xx 000 0 und d | ||
| 020 | |a 970-17-0234-4 | ||
| 040 | |a CEDOC FIQ-RUSB / 001.42 S167 | ||
| 041 | |a spa | ||
| 082 | |a 001.42 S167 | ||
| 100 | 1 | |a Salkind, Neil J. | |
| 245 | 1 | 0 | |a Métodos de investigación |
| 260 | |a México |b Prentice Hall |c 1998 | ||
| 300 | |a 380 p. :il | ||
| 650 | 7 | |a METODOS DE INVESTIGACION | |
| 650 | 7 | |b PROCESOS DE INVESTIGACION | |
| 650 | 7 | |c SELECCION DEL PROBLEMA | |
| 650 | 7 | |d METODOS DE INVESTIGACION EXPERIMENTAL | |
| 650 | 7 | |e PROPUESTA DE INVESTIGACION | |
| 942 | |c BK |2 ddc | ||
| 991 | |a TEXTO | ||
| 999 | |c 13592 | ||